[Event "Mittelrhein Verbandsliga-N 18/19"]
[Site "Nordrheinwestfalen"]
[Date "2019.02.10"]
[Round "7.1"]
[White "Gallasch, Jonas"]
[Black "Negele, Michael"]
[Result "1/2-1/2"]
[WhiteElo "2030"]
[BlackElo "2101"]
[PlyCount "100"]
[EventDate "2018.09.02"]
[EventType "team-tourn"]
[EventRounds "12"]
[EventCountry "GER"]
[SourceTitle "EXT 2022"]
[Source "ChessBase"]
[SourceDate "2021.10.06"]
[SourceVersion "1"]
[SourceVersionDate "2021.10.06"]
[SourceQuality "1"]
[WhiteTeam "Porz SG III"]
[BlackTeam "Leverkusen SC Bayer"]
[WhiteTeamCountry "GER"]
[BlackTeamCountry "GER"]

1. d4 e6 2. c4 f5 3. Nc3 Bb4 4. Bf4 Nf6 5. e3 0-0 6. Bd3 Bxc3+ 7. bxc3 d6 8. Nf3 Qe8 9. Qc2 Nbd7 10. Bg3 b6 11. 0-0-0 Bb7 12. Rhg1 Ne4 13. Nd2 Ndf6 14. f3 Nxd2 15. Rxd2 Bc6 16. Re1 Rb8 17. Qb1 b5 18. cxb5 Bxb5 19. Rb2 Bxd3 20. Rxb8 Qxb8 21. Qxd3 Qb6 22. Qb1 Qc6 23. Qb3 Kf7 24. Kd2 Nd7 25. Rb1 Rb8 26. Qc2 Rxb1 27. Qxb1 Nb6 28. Qb3 a5 29. Kd3 a4 30. Qb4 Nd5 31. Qa5 g5 32. c4 Nxe3 33. Kxe3 Qxc4 34. f4 e5 35. fxg5 f4+ 36. Bxf4 Qxd4+ 37. Ke2 Qc4+ 38. Ke1 Qe4+ 39. Kd1 exf4 40. Qxc7+ Ke6 41. Qc8+ Ke7 42. Qc7+ Ke8 43. Qc8+ Kf7 44. Qd7+ Kg6 45. Qxd6+ Kxg5 46. Qd8+ Kg6 47. Qg8+ Kh5 48. Qf7+ Kg5 49. Qg7+ Qg6 50. Qe7+ Kh6 1/2-1/2

[Event "Mittelrhein Verbandsliga-M 1112"]
[Site "Germany"]
[Date "2012.05.20"]
[Round "11.1"]
[White "Meertens, Martin"]
[Black "Negele, Michael"]
[Result "1-0"]
[WhiteElo "2111"]
[BlackElo "2134"]
[PlyCount "59"]
[EventDate "2011.09.18"]
[EventType "team-tourn"]
[EventRounds "11"]
[EventCountry "GER"]
[SourceTitle "EXT 2013"]
[Source "ChessBase"]
[SourceDate "2012.11.22"]
[SourceVersion "1"]
[SourceVersionDate "2012.11.22"]
[SourceQuality "1"]
[WhiteTeam "Koeln SF II"]
[BlackTeam "Bayer Leverkusen"]
[WhiteTeamCountry "GER"]
[BlackTeamCountry "GER"]

1. e4 e6 2. d4 d5 3. Nc3 Bb4 4. e5 c5 5. a3 Bxc3+ 6. bxc3 Qa5 7. Bd2 Qa4 8. Qg4 g6 9. Qd1 Nc6 10. Rb1 cxd4 11. Bb5 Qxa3 12. cxd4 Bd7 13. Nf3 Nge7 14. Rb3 Qa2 15. Qc1 a6 16. Bd3 Nxd4 17. Nxd4 Qa4 18. Rb4 Qa5 19. Rxb7 Qc5 20. Qb2 Nc6 21. Nxc6 Qxc6 22. Rb8+ Rxb8 23. Qxb8+ Bc8 24. Bb4 Kd7 25. Kd2 Re8 26. Rb1 Bb7 27. Qd6+ Qxd6 28. Bxd6 Kc6 29. c4 Rc8 30. c5 1-0

[Event "Mittelrhein Verbandsliga-M 1112"]
[Site "Germany"]
[Date "2012.05.06"]
[Round "10.1"]
[White "Negele, Michael"]
[Black "Kloss, Henning"]
[Result "0-1"]
[WhiteElo "2134"]
[BlackElo "2064"]
[PlyCount "96"]
[EventDate "2011.09.18"]
[EventType "team-tourn"]
[EventRounds "11"]
[EventCountry "GER"]
[SourceTitle "EXT 2013"]
[Source "ChessBase"]
[SourceDate "2012.11.22"]
[SourceVersion "1"]
[SourceVersionDate "2012.11.22"]
[SourceQuality "1"]
[WhiteTeam "Bayer Leverkusen"]
[BlackTeam "Koeln Lasker II"]
[WhiteTeamCountry "GER"]
[BlackTeamCountry "GER"]

1. e4 c5 2. Nf3 d6 3. Bb5+ Bd7 4. Qe2 e6 5. 0-0 Bxb5 6. Qxb5+ Qd7 7. Qe2 Nc6 8. c3 Nf6 9. d4 cxd4 10. cxd4 d5 11. exd5 Nxd5 12. Nc3 Be7 13. Rd1 0-0 14. Ne4 Rfd8 15. Bg5 Bxg5 16. Nexg5 h6 17. Ne4 Qe7 18. g3 Rac8 19. Rd2 Nf6 20. Rad1 Nxe4 21. Qxe4 Rd5 22. Ne5 Rcd8 23. f4 Qb4 24. a3 Qb3 25. Ng4 Qb6 26. Nf2 Nxd4 27. Kg2 Nf5 28. Rxd5 Rxd5 29. Rxd5 Ne3+ 30. Kf3 Nxd5 31. b4 Qc6 32. g4 Qc1 33. a4 Qa3+ 34. Nd3 Nxb4 35. Qxb4 Qxd3+ 36. Kf2 Qc2+ 37. Kg3 Qc7 38. Kf3 Qc6+ 39. Kg3 b6 40. h4 a6 41. h5 Qc5 42. Qe4 Qd5 43. Qc2 b5 44. Qc8+ Kh7 45. Qc2+ f5 46. g5 hxg5 47. fxg5 Qe5+ 48. Kh3 Qe3+ 0-1

[Event "Leverkusen Bayer op 10th"]
[Site "Leverkusen"]
[Date "2012.02.22"]
[Round "4"]
[White "Khanukov, Boris"]
[Black "Negele, Michael"]
[Result "1-0"]
[WhiteElo "2246"]
[BlackElo "2134"]
[PlyCount "69"]
[EventDate "2012.01.11"]
[EventType "swiss"]
[EventRounds "7"]
[EventCountry "GER"]
[SourceTitle "EXT 2014"]
[Source "ChessBase"]
[SourceDate "2013.11.20"]
[SourceVersion "1"]
[SourceVersionDate "2013.11.20"]
[SourceQuality "1"]

1. d4 Nf6 2. c4 e6 3. Nc3 Bb4 4. Qc2 0-0 5. a3 Bxc3+ 6. Qxc3 Qe8 7. Bf4 d6 8. Nf3 b6 9. h3 Bb7 10. e3 Ne4 11. Qc2 Nd7 12. Be2 f5 13. 0-0 Qe7 14. Bh2 Rf6 15. Rad1 Rh6 16. d5 e5 17. Ne1 Rf8 18. f4 Bc8 19. b4 Ndf6 20. Nf3 Ng4 21. hxg4 fxg4 22. Ng5 Nxg5 23. fxg5 Qxg5 24. Rxf8+ Kxf8 25. Rf1+ Ke7 26. g3 Qxe3+ 27. Kg2 Rh3 28. Bd3 Qh6 29. Kg1 Bd7 30. Qf2 Be8 31. Bf5 Qg5 32. c5 h5 33. cxd6+ cxd6 34. Be4 Kd8 35. Bg2 1-0

[Event "Leverkusen Bayer op 10th"]
[Site "Leverkusen"]
[Date "2012.01.25"]
[Round "2"]
[White "Biessner, Eberhard"]
[Black "Negele, Michael"]
[Result "0-1"]
[WhiteElo "1746"]
[BlackElo "2134"]
[PlyCount "66"]
[EventDate "2012.01.11"]
[EventType "swiss"]
[EventRounds "7"]
[EventCountry "GER"]
[SourceTitle "EXT 2014"]
[Source "ChessBase"]
[SourceDate "2013.11.20"]
[SourceVersion "1"]
[SourceVersionDate "2013.11.20"]
[SourceQuality "1"]

1. e4 e6 2. d4 d5 3. exd5 exd5 4. Bf4 Nf6 5. Bd3 Nc6 6. c3 Bd6 7. Qf3 0-0 8. h3 Re8+ 9. Ne2 Bxf4 10. Qxf4 Nh5 11. Qf3 Qg5 12. 0-0 Ne7 13. Ng3 Nf4 14. Re1 Bf5 15. Bxf5 Nxf5 16. Na3 Nh4 17. Qg4 Qxg4 18. hxg4 Nhxg2 19. Rxe8+ Rxe8 20. Nb5 c6 21. Nd6 Re7 22. Ndf5 Re6 23. Nh5 g6 24. Nxf4 Nxf4 25. Ne3 h5 26. Rb1 hxg4 27. Nxg4 Kg7 28. Kf1 g5 29. a4 f5 30. Ne5 g4 31. b4 Rh6 32. Kg1 Ne2+ 33. Kg2 Nxc3 0-1

[Event "Leverkusen Bayer op 10th"]
[Site "Leverkusen"]
[Date "2012.01.11"]
[Round "1"]
[White "Negele, Michael"]
[Black "Themm, Rainer"]
[Result "1-0"]
[WhiteElo "2134"]
[BlackElo "1759"]
[PlyCount "75"]
[EventDate "2012.01.11"]
[EventType "swiss"]
[EventRounds "7"]
[EventCountry "GER"]
[SourceTitle "EXT 2014"]
[Source "ChessBase"]
[SourceDate "2013.11.20"]
[SourceVersion "1"]
[SourceVersionDate "2013.11.20"]
[SourceQuality "1"]

1. e4 c5 2. d4 cxd4 3. c3 dxc3 4. Nxc3 Nc6 5. Nf3 e6 6. Bc4 Nf6 7. Qe2 Bb4 8. 0-0 Bxc3 9. bxc3 d5 10. exd5 Nxd5 11. Rd1 0-0 12. Qc2 Qc7 13. Ba3 Re8 14. Bxd5 exd5 15. Ng5 g6 16. Rxd5 Be6 17. Bd6 Qd8 18. Nxe6 Rxe6 19. Qd2 Qe8 20. c4 Rc8 21. h4 Ne5 22. c5 Nc4 23. Qb4 Re4 24. Qxb7 Re1+ 25. Rxe1 Qxe1+ 26. Kh2 Nxd6 27. cxd6 Rc4 28. Qb8+ Kg7 29. d7 Rxh4+ 30. Kg3 Qe4 31. Qb2+ Kh6 32. Qd2+ Kg7 33. Qc3+ f6 34. Qxf6+ Kxf6 35. d8Q+ Ke6 36. Qd6+ Kf7 37. Qc7+ Ke6 38. Qc6+ 1-0

[Event "Mittelrhein Verbandsliga-M 1112"]
[Site "Germany"]
[Date "2011.11.13"]
[Round "3.1"]
[White "Skulener, Wladimir"]
[Black "Negele, Michael"]
[Result "1/2-1/2"]
[WhiteElo "2320"]
[BlackElo "2134"]
[PlyCount "36"]
[EventDate "2011.09.18"]
[EventType "team-tourn"]
[EventRounds "11"]
[EventCountry "GER"]
[SourceTitle "EXT 2013"]
[Source "ChessBase"]
[SourceDate "2012.11.22"]
[SourceVersion "1"]
[SourceVersionDate "2012.11.22"]
[SourceQuality "1"]
[WhiteTeam "Aachen Aufwaerts III"]
[BlackTeam "Bayer Leverkusen"]
[WhiteTeamCountry "GER"]
[BlackTeamCountry "GER"]

1. d4 e6 2. Nf3 f5 3. g3 Nf6 4. Bg2 d5 5. 0-0 Bd6 6. c4 c6 7. Bf4 Bxf4 8. gxf4 0-0 9. Nc3 b6 10. Qb3 Kh8 11. Rfd1 Ne4 12. e3 Ba6 13. Ne5 Qd6 14. Nxe4 fxe4 15. Rac1 Bb7 16. Qa3 Qxa3 17. bxa3 Kg8 18. Bh3 Rf6 1/2-1/2

[Event "Leverkusen-ch op"]
[Site "Leverkusen"]
[Date "2007.02.26"]
[Round "5"]
[White "Negele, Michael"]
[Black "Weiler, Wolfgang"]
[Result "1/2-1/2"]
[WhiteElo "2245"]
[BlackElo "2149"]
[PlyCount "27"]
[EventDate "2007.01.08"]
[EventType "swiss"]
[EventRounds "7"]
[EventCountry "GER"]
[SourceTitle "EXT 2008"]
[Source "ChessBase"]
[SourceDate "2007.11.25"]
[SourceVersion "1"]
[SourceVersionDate "2007.11.25"]
[SourceQuality "1"]

1. d4 c6 2. e4 d5 3. exd5 cxd5 4. Bd3 Nc6 5. c3 Qc7 6. Ne2 Bg4 7. Na3 e6 8. Qa4 Bxe2 9. Bxe2 Rc8 10. 0-0 Nf6 11. Be3 Be7 12. Rac1 0-0 13. h3 Qa5 14. Qxa5 1/2-1/2

[Event "Leverkusen-ch op"]
[Site "Leverkusen"]
[Date "2005.02.21"]
[Round "5"]
[White "Rotstein, Jefim"]
[Black "Negele, Michael"]
[Result "0-1"]
[WhiteElo "2397"]
[BlackElo "2250"]
[PlyCount "90"]
[EventDate "2005.01.10"]
[EventType "swiss"]
[EventRounds "9"]
[EventCountry "GER"]
[SourceTitle "EXT 2006"]
[Source "ChessBase"]
[SourceDate "2005.11.24"]
[SourceVersion "1"]
[SourceVersionDate "2005.11.24"]
[SourceQuality "1"]

1. d4 c5 2. d5 Nf6 3. Nc3 d6 4. e4 g6 5. Be2 Bg7 6. Nf3 0-0 7. 0-0 Na6 8. Nd2 Nc7 9. a4 b6 10. Nc4 Ba6 11. Re1 Bxc4 12. Bxc4 a6 13. Bg5 h6 14. Bh4 Qd7 15. Qe2 Ng4 16. Ra3 Ne5 17. Ba2 b5 18. Nd1 g5 19. Bg3 b4 20. Re3 Ng4 21. Rd3 Ne8 22. h4 Bf6 23. hxg5 hxg5 24. Ne3 Nxe3 25. Rxe3 Bd4 26. Rd3 Bxb2 27. Qh5 f6 28. f4 Ng7 29. Qh6 Qg4 30. fxg5 fxg5 31. e5 c4 32. exd6 exd6 33. Bxc4 Qxc4 34. Bxd6 Rf6 35. Qh2 Bd4+ 36. Kh1 b3 37. Be5 Bxe5 38. Qxe5 Rh6+ 39. Kg1 Re8 40. Qxe8+ Nxe8 41. Rxe8+ Kf7 42. Rde3 bxc2 43. R8e7+ Kg6 44. R7e6+ Kh5 45. g4+ Qxg4+ 0-1

[Event "Leverkusen-ch op"]
[Site "Leverkusen"]
[Date "2005.01.31"]
[Round "3"]
[White "Scharff, Klaus"]
[Black "Negele, Michael"]
[Result "0-1"]
[WhiteElo "1901"]
[BlackElo "2250"]
[PlyCount "108"]
[EventDate "2005.01.10"]
[EventType "swiss"]
[EventRounds "9"]
[EventCountry "GER"]
[SourceTitle "EXT 2006"]
[Source "ChessBase"]
[SourceDate "2005.11.24"]
[SourceVersion "1"]
[SourceVersionDate "2005.11.24"]
[SourceQuality "1"]

1. d4 e6 2. c4 f5 3. e4 fxe4 4. Nc3 Nf6 5. g4 h6 6. h4 Bb4 7. Bg2 d5 8. g5 hxg5 9. hxg5 Rxh1 10. Bxh1 Ng8 11. Qh5+ Kf8 12. Nge2 Qe8 13. Qh7 Qf7 14. Nf4 Ne7 15. Bd2 Bd6 16. Nce2 c6 17. 0-0-0 Na6 18. f3 e3 19. Bxe3 dxc4 20. Bg2 Nb4 21. Bh3 Nbd5 22. g6 Qg8 23. Bd2 e5 24. dxe5 Bxe5 25. Nxd5 cxd5 26. Bb4 Be6 27. f4 Bf6 28. Nd4 Bxd4 29. Rxd4 Qxh7 30. gxh7 Kf7 31. Bxe6+ Kxe6 32. Bxe7 Kxe7 33. Rxd5 a6 34. Rh5 Rh8 35. f5 Kf6 36. Kc2 g6 37. fxg6 Kxg6 38. Rh4 b5 39. Kc3 Rxh7 40. Rxh7 Kxh7 41. Kb4 Kg6 42. Ka5 Kf5 43. Kxa6 b4 44. Kb7 c3 45. bxc3 bxc3 46. a4 c2 47. a5 c1Q 48. a6 Qb2+ 49. Ka8 Qh8+ 50. Kb7 Qg7+ 51. Kb8 Qf8+ 52. Kb7 Qe7+ 53. Kb8 Qd8+ 54. Kb7 Qd7+ 0-1

[Event "Leverkusen op"]
[Site "Leverkusen"]
[Date "2004.05.03"]
[Round "9"]
[White "Negele, Michael"]
[Black "Kniest, Oliver"]
[Result "1/2-1/2"]
[WhiteElo "2249"]
[BlackElo "2307"]
[PlyCount "25"]
[EventDate "2004.01.12"]
[EventType "swiss"]
[EventRounds "9"]
[EventCountry "GER"]
[SourceTitle "EXT 2006"]
[Source "ChessBase"]
[SourceDate "2005.11.24"]
[SourceVersion "1"]
[SourceVersionDate "2005.11.24"]
[SourceQuality "1"]

1. e4 c5 2. Nf3 e6 3. c3 Nf6 4. e5 Nd5 5. d4 cxd4 6. Bc4 Nc6 7. cxd4 d6 8. 0-0 Be7 9. Qe2 0-0 10. Rd1 a6 11. Qe4 Bd7 12. Bxd5 exd5 13. Qxd5 1/2-1/2

[Event "Leverkusen op"]
[Site "Leverkusen"]
[Date "2004.01.12"]
[Round "1"]
[White "Herrmann, Christoph"]
[Black "Negele, Michael"]
[Result "0-1"]
[WhiteElo "1804"]
[BlackElo "2249"]
[PlyCount "132"]
[EventDate "2004.01.12"]
[EventType "swiss"]
[EventRounds "9"]
[EventCountry "GER"]
[SourceTitle "EXT 2006"]
[Source "ChessBase"]
[SourceDate "2005.11.24"]
[SourceVersion "1"]
[SourceVersionDate "2005.11.24"]
[SourceQuality "1"]

1. d4 e6 2. Nf3 f5 3. e3 Nf6 4. Bd3 b6 5. Nbd2 Bb7 6. 0-0 Be7 7. Re1 d5 8. Ne5 0-0 9. f3 Nbd7 10. c3 c5 11. Qa4 Nxe5 12. dxe5 Nd7 13. f4 a6 14. Nf3 b5 15. Qd1 Qb6 16. b3 Rfd8 17. Qe2 Nb8 18. c4 dxc4 19. bxc4 Nc6 20. cxb5 Nb4 21. Bc4 axb5 22. Bxb5 Be4 23. a4 Nc2 24. Ra2 Nxe1 25. Nxe1 c4 26. Ba3 Bd3 27. Qf2 Bxa3 28. Rxa3 Qc5 29. Rc3 Qb4 30. Rc1 Rac8 31. Nf3 c3 32. Nd4 Qb2 33. Qe1 Be4 34. Be2 Qd2 35. Qxd2 cxd2 36. Rd1 Rc1 37. Kf2 Rxd1 38. Bxd1 Bd3 39. Nf3 Bc4 40. Nd4 Rb8 41. Nb5 Bxb5 42. axb5 Rxb5 43. Ke2 Rb2 44. Kd3 Kf7 45. h4 Kg6 46. h5+ Kh6 47. g4 fxg4 48. Bxg4 g6 49. hxg6 Kxg6 50. Ke2 Kf7 51. Bh5+ Ke7 52. Kd3 Kd7 53. Bd1 Kc6 54. Kc3 Ra2 55. Kd3 Kc5 56. e4 Ra3+ 57. Kxd2 Kd4 58. f5 Kxe5 59. fxe6 Kxe6 60. Bg4+ Ke5 61. Bf5 h5 62. Ke2 Kf4 63. Kf2 Ra2+ 64. Kg1 Kg3 65. Kf1 h4 66. Ke1 h3 0-1

[Event "Dortmund op-A"]
[Site "Dortmund"]
[Date "2003.08.07"]
[Round "6"]
[White "Negele, Michael"]
[Black "Kleinegger, Frank"]
[Result "1-0"]
[WhiteElo "2222"]
[BlackElo "2242"]
[PlyCount "47"]
[EventDate "2003.08.01"]
[EventType "swiss"]
[EventRounds "9"]
[EventCountry "GER"]
[SourceTitle "CBM 095 Extra"]
[Source "ChessBase"]
[SourceDate "2003.09.04"]
[SourceVersion "1"]
[SourceVersionDate "2003.09.04"]
[SourceQuality "1"]

1. e4 d5 2. exd5 Qxd5 3. Nc3 Qa5 4. Bc4 c6 5. d4 Nf6 6. Nge2 Bf5 7. 0-0 e6 8. Ng3 Bg6 9. f4 Be7 10. f5 exf5 11. Qe2 Qd8 12. Nxf5 Bxf5 13. Rxf5 0-0 14. Be3 Nbd7 15. Raf1 Nb6 16. Bd3 Qd6 17. Rxf6 Bxf6 18. Ne4 Qe7 19. Nxf6+ gxf6 20. Bxh7+ Kxh7 21. Qh5+ Kg8 22. Qg4+ Kh7 23. Rf3 Qxe3+ 24. Rxe3 1-0

[Event "Dortmund op-A"]
[Site "Dortmund"]
[Date "2003.08.01"]
[Round "1"]
[White "Negele, Michael"]
[Black "Lutz, Juergen"]
[Result "1-0"]
[WhiteElo "2222"]
[BlackElo "2021"]
[PlyCount "63"]
[EventDate "2003.08.01"]
[EventType "swiss"]
[EventRounds "9"]
[EventCountry "GER"]
[SourceTitle "CBM 095 Extra"]
[Source "ChessBase"]
[SourceDate "2003.09.04"]
[SourceVersion "1"]
[SourceVersionDate "2003.09.04"]
[SourceQuality "1"]

1. e4 c5 2. d4 cxd4 3. c3 dxc3 4. Nxc3 Nc6 5. Nf3 e6 6. Bc4 Qc7 7. 0-0 Nf6 8. Nb5 Qb8 9. e5 a6 10. Nd6+ Bxd6 11. exd6 b5 12. Bb3 Nb4 13. Bf4 Nbd5 14. Bg3 Bb7 15. Re1 0-0 16. Nd4 Qa7 17. Qd2 Qb6 18. Rad1 Rac8 19. Qg5 h6 20. Qh4 a5 21. Be5 a4 22. Bxd5 Nxd5 23. Bxg7 Kxg7 24. Rd3 f5 25. g4 Kh7 26. g5 Rh8 27. Qxh6+ Kg8 28. Qg6+ Kf8 29. Nxf5 exf5 30. Qxf5+ Kg7 31. Rxd5 Bxd5 32. Re7+ 1-0

[Event "Leverkusen-ch 15th"]
[Site "Leverkusen"]
[Date "2003.04.14"]
[Round "8"]
[White "Negele, Michael"]
[Black "Epding, Volker"]
[Result "1-0"]
[WhiteElo "2196"]
[BlackElo "2076"]
[PlyCount "105"]
[EventDate "2003.01.06"]
[EventType "swiss"]
[EventRounds "9"]
[EventCountry "GER"]
[SourceTitle "EXT 2006"]
[Source "ChessBase"]
[SourceDate "2005.11.24"]
[SourceVersion "1"]
[SourceVersionDate "2005.11.24"]
[SourceQuality "1"]

1. e4 c6 2. Nc3 d5 3. Qf3 dxe4 4. Nxe4 Nf6 5. Nxf6+ exf6 6. Bc4 Bd6 7. Ne2 0-0 8. 0-0 Nd7 9. d4 Re8 10. Bf4 Nf8 11. Rad1 Be6 12. d5 cxd5 13. Bxd5 Bxd5 14. Rxd5 Qe7 15. Rxd6 Qxe2 16. Qxe2 Rxe2 17. Rd2 Rxd2 18. Bxd2 Ne6 19. Be3 a6 20. Rd1 Rd8 21. Rxd8+ Nxd8 22. Kf1 Kf8 23. Ke2 Ke7 24. Kd3 Kd6 25. c4 Ne6 26. b4 f5 27. a4 g5 28. g3 h5 29. f4 g4 30. Bd4 Kc6 31. Bf6 b5 32. axb5+ axb5 33. Kc3 Kb6 34. cxb5 Kxb5 35. Be7 Kb6 36. Kc4 Kc6 37. b5+ Kb6 38. Bf6 Nf8 39. Bd4+ Kc7 40. Kd5 Ne6 41. Be3 Kd7 42. Ke5 Ng7 43. b6 Kc6 44. Kf6 Ne8+ 45. Kxf5 Nd6+ 46. Kg5 Nc4 47. Bf2 Nd2 48. Kxh5 f5 49. Kg6 Ne4 50. Bd4 Nd2 51. Kxf5 Nf3 52. Bf2 Nxh2 53. Kg5 1-0